| 000 | 00853cab a22001815a 4500 | ||
|---|---|---|---|
| 001 | L144690 | ||
| 008 | 080805s2008 xxkad f s 000 0 eng d | ||
| 035 | _a(Sirsi) u144690 | ||
| 041 | 0 | _aeng | |
| 100 | 1 | _aHaynes, Barry P. | |
| 245 | 0 | 4 | _aThe impact of office layout on productivity |
| 260 | _c2008 | ||
| 490 | 0 |
_aJournal of Facilities Management _v6(3) 2008, 189-201(13) |
|
| 520 | _aSeeks to evaluate the impact office layout has on occupiers' productivity. By evaluating the literature, finds that the link between office layout, office occupiers' work patterns and productivity is not clearly established. Finds that productivity gains can be made when a link is established between office layout and the occupiers? work patterns. | ||
| 651 | 4 |
_aUnited Kingdom _y |
|
| 690 | _aPROPERTY-COMMERCIAL PROPERTY-OFFICE PROPERTY-OFFICES | ||
| 942 | _n0 | ||
| 999 |
_c80548 _d80548 |
||